League and Cup Winners in Europe's Top Leagues For Season 2024/25 - Statistics

General Stats
  • This quiz has been taken 63 times
  • The average score is 22 of 31
Answer Stats
Answer % Correct
Liverpool
100%
Barcelona
98%
Bayern Munich
98%
Napoli
98%
Paris Saint-Germain
98%
Crystal Palace
97%
PSV Eindhoven
97%
Juventus
92%
Celtic FC
88%
SL Benfica
88%
Galatasaray
86%
Olympique Lyon
86%
Newcastle United
85%
Chelsea
83%
Club Brugge KV
83%
Bologna
81%
Sporting Lisbon
80%
Olympiakos Piraeus
76%
Slavia Praha
73%
Vfb Stuttgart
73%
Aberdeen
56%
FK Bodø/Glimt
53%
Legia Warsaw
53%
Union Saint-Gilloise
53%
Sturm Graz
49%
Lech Poznań
44%
Go Ahead Eagles
42%
Paris FC
24%
Wolfsberger AC
17%
SK Sigma Olomouc
10%
Fredrikstad FK
5%
No matching quizzes found
Score Distribution
Percent of People with Each Score
Percentile by Number Answered
Your Score History
You have not taken this quiz